000
00325pab a2200145 454500
008
180718b90-1 xxu||||| |||| 00| 0 eng d
100
_a
Reed, Ralph
245
_a
Public health service esprit
260
_c
90-1
300
_a
5-6
362
_a
Winter
650
_a
Health Services
773
_a
Bureaucrat
909
_a
10078
999
_c
10078
_d
10078